La fortificación moderna ó Consideraciones generales sobre el estado actual del arte de fortificar las plazas / (Record no. 152052)

MARC details
000 -LEADER
campo de control de longitud fija 00929nam a2200205 i 4500
001 - NÚMERO DE CONTROL
campo de control 152052
003 - IDENTIFICADOR DE NÚMERO DE CONTROL
campo de control ES-MaACL
005 - FECHA Y HORA DE LA ÚLTIMA TRANSACCIÓN
campo de control 20230906204518.0
008 - DATOS DE LONGITUD FIJA--INFORMACIÓN GENERAL
campo de control de longitud fija 931025s1860 sp f |||| | spa d
040 ## - FUENTE DE CATALOGACIÓN
Centro catalogador/agencia de origen PAB
Lengua de catalogación spa
Centro/agencia transcriptor PAB
080 ## - NÚMERO DE LA CLASIFICACIÓN DECIMAL UNIVERSAL
Número de la Clasificación Decimal Universal 623.1/.2
100 1# - ENTRADA PRINCIPAL--NOMBRE DE PERSONA
Nombre de persona Bernáldez y Fernández de Folgueras, Emilio.
9 (RLIN) 125954
245 13 - MENCIÓN DEL TÍTULO
Título La fortificación moderna ó Consideraciones generales sobre el estado actual del arte de fortificar las plazas /
Mención de responsabilidad, etc. por Emilio Bernáldez.
260 ## - PUBLICACIÓN, DISTRIBUCIÓN, ETC.
Lugar de publicación, distribución, etc. Madrid :
Nombre del editor, distribuidor, etc. [s.n.],
Fecha de publicación, distribución, etc. 1860 (
Fabricante Imprenta del Memorial de Ingenieros)
300 ## - DESCRIPCIÓN FÍSICA
Extensión 174 p., [6] h. de lám. ;
Dimensiones 25 cm.
650 #4 - PUNTO DE ACCESO ADICIONAL DE MATERIA--TÉRMINO DE MATERIA
Término de materia o nombre geográfico como elemento de entrada Fortificaciones.
9 (RLIN) 136136
740 0# - ENTRADA AGREGADA--TÍTULO RELACIONADO/ANALÍTICO NO CONTROLADO
Título relacionado o analítico no controlado Consideraciones generales sobre el estado actual del arte de fortificar las plazas.
852 ## - LOCALIZACIÓN
Ubicación ES-MaACL
Número de control de estantería G-10662
Nota libre -- Enc. cartón
856 ## - LOCALIZACIÓN Y ACCESO ELECTRÓNICOS
Identificador Uniforme de Recursos <a href="http://bibliotecadigitalhispanica.bne.es:80/webclient/DeliveryManager?pid=1838291&custom_att_2=simple_viewer">http://bibliotecadigitalhispanica.bne.es:80/webclient/DeliveryManager?pid=1838291&custom_att_2=simple_viewer</a>
Nota pública Ir a la página
Holdings
Estatus retirado Estado de pérdida Estado de daño No para préstamo Colección Biblioteca de origen Biblioteca actual Ubicación en estantería Fecha de adquisición Fuente de adquisición Total de préstamos Signatura topográfica completa Código de barras Visto por última vez Precio de reemplazo Tipo de ítem Koha
        Colección digital Biblioteca del Ateneo de Madrid Biblioteca del Ateneo de Madrid Sala Pecera Planta 3 17/01/2008     G-10662 1158714 23/02/2023 23/02/2023 Libro impreso antiguo